| 000 | 00770cam a2200193 i 4500 | ||
|---|---|---|---|
| 005 | 20260122103050.0 | ||
| 008 | 250721s1999 ua gr 000 0 ara d | ||
| 082 | 1 | 4 |
_a344.01 _bع م ر |
| 100 | 1 |
_aعمران، محمد السيد _eمؤلف. |
|
| 245 | 1 | 0 |
_aشرح قانون العمل رقم 137 لسنة 1981 ومشروع القانون الجديد / _cالأستاذ الدكتور السيد محمد السيد عمران. |
| 264 | 3 | 1 |
_aالإسكندرية : _bدار المطبوعات الجامعية، _c1999. |
| 300 | _a560 صفحة. | ||
| 650 | 1 | 7 | _aقانون العمل. |
| 650 | 1 | 7 | _aتشريعات العمل. |
| 650 | 1 | 7 | _aالإجراءات المدنية |
| 650 | 1 | 7 | _aالعقود. |
| 942 |
_2ddc _cBK |
||
| 999 |
_c81152 _d81152 |
||